埼玉西武ライオンズトレード獲得(2004オフ以降) - Statistics

General Stats
  • This quiz has been taken 18 times
  • The average score is 14 of 31
Answer Stats
日付 放出 相手球団 獲得選手 % Correct
2005/11/01 富岡久貴 東北楽天 金銭
87%
2014/05/02 武山真吾 中日 金銭
87%
2025/05/01 山野辺翔 東京ヤクルト 金銭
87%
2024/06/24 若林楽人 読売 松原聖弥
80%
2024/07/05 齊藤大将 福岡ソフトバンク 野村大樹
80%
2023/07/18 川越誠司 中日 高松渡
73%
2018/03/13 岡本洋介 阪神 榎田大樹
67%
2022/11/02 山田遥楓 北海道日本ハム 佐藤龍世
67%
2023/12/21 宮川哲 東京ヤクルト 元山飛優
67%
2025/06/15 佐藤龍世 中日 無償
67%
2018/07/19 金銭 中日 小川龍也
53%
2011/11/22 後藤武敏 横浜 武山真吾
47%
2006/03/23 青木勇人 広島東洋 福地寿樹
40%
2011/05/24 黒瀬春樹 阪神 江草仁貴
40%
2012/03/10 江草仁貴 広島東洋 嶋重宣
40%
2013/07/07 長田秀一郎 横浜DeNA 渡辺直人
40%
2021/08/11 木村文紀佐藤龍世 北海道日本ハム 平沼翔太公文克彦
40%
2009/07/11 水田圭介 阪神 藤田太陽
33%
2011/01/20 大沼幸二 横浜 坂元弥太郎
33%
2011/05/09 金銭 読売 星孝典
33%
2012/11/06 原拓也 オリックス 山﨑浩司
33%
2020/11/19 金銭 北海道日本ハム 吉川光夫
33%
2005/10/27 金銭 読売 後藤光貴
27%
2008/11/15 金銭 読売 清水隆行
27%
2010/02/18 赤田将吾 オリックス 阿部真宏
27%
2011/05/24 小野寺力 東京ヤクルト 鬼崎裕司
27%
2013/05/21 高山久 阪神 川崎雄介
27%
2006/10/17 無償 読売 黒田哲史
20%
2010/06/18 山岸穣 東京ヤクルト 米野智人
20%
2005/03/29 後藤光貴 読売 河原純一
13%
2004/11/24 玉野宏昌大友進 中日 正津英志宮越徹
13%
No matching quizzes found
Score Distribution
Percent of People with Each Score
Percentile by Number Answered
Your Score History
You have not taken this quiz